| 000 | 00670nam a2200265Ia 4500 | ||
|---|---|---|---|
| 008 | 160803s9999 xx 000 0 und d | ||
| 020 | _a0 590162187 | ||
| 100 | _aBrown, Marc | ||
| 245 | _aArthur's nose / | ||
| 245 | _cby Marc Brown. | ||
| 260 | _aNew York : | ||
| 260 | _bScholastic Inc. | ||
| 260 | _c1976 | ||
| 300 | _a32 unnumbered pages : | ||
| 300 | _bcolor illustrations ; | ||
| 300 | _c26 cm | ||
| 500 | _a"An Arthur adventure"--Cover. | ||
| 650 | _aAnimals -- | ||
| 650 | _aArthur (Fictitious character : Brown) -- | ||
| 650 | _aNose -- | ||
| 650 | _xFiction. | ||
| 650 | _xFiction. | ||
| 650 | _xJuvenile fiction. | ||
| 700 | _a350 | ||
| 999 |
_c299227 _d299227 |
||